| 000 | 00568 a2200157 4500 | ||
|---|---|---|---|
| 003 | Nust | ||
| 005 | 20170207154118.0 | ||
| 040 | _cNust | ||
| 082 | _a823 | ||
| 100 | _aSoya | ||
| 245 |
_aBedroom Mazurka _bSeven Erotic Stories _cSoya |
||
| 260 |
_alondon _bSphere _c1971 |
||
| 300 | _a156p; | ||
| 505 | _aE In Tanta Affizione Miseria (Page-11), Infidelity? (Page-13), Alls Well(Page-26),Mutual Reminiscences (Page-47), Sunday Morning(Page-65), Mazurka (Page-76),A Whole Twenty-Four Hours Alone! (Page-104),The Bell Tower (Page-133). | ||
| 538 | _aAlmirah No.52 Shelf No.6 | ||
| 942 |
_2ddc _cBK |
||
| 999 |
_c194194 _d194194 |
||